000 00361nam a2200133Ia 4500
008 220204s9999 xx 000 0 und d
082 _a678:62
_bANI
100 _aAnilkumar, Gupta
245 0 _aFundamentals of polymer science and engineering
260 _aNew Delhi
_bTata McGraw Hill
_c1978
650 _aPolymerization
700 _aSantosh, K
942 _cBK
999 _c30826
_d30826